<?xml version="1.0" encoding="UTF-8"?><?xml-stylesheet type="text/xsl" href="static/style.xsl"?><OAI-PMH xmlns="http://www.openarchives.org/OAI/2.0/" xmlns:xsi="http://www.w3.org/2001/XMLSchema-instance" xsi:schemaLocation="http://www.openarchives.org/OAI/2.0/ http://www.openarchives.org/OAI/2.0/OAI-PMH.xsd"><responseDate>2026-04-17T04:04:39Z</responseDate><request verb="GetRecord" identifier="oai:www.recercat.cat:2072/442574" metadataPrefix="marc">https://recercat.cat/oai/request</request><GetRecord><record><header><identifier>oai:recercat.cat:2072/442574</identifier><datestamp>2024-10-31T05:32:43Z</datestamp><setSpec>com_2072_98</setSpec><setSpec>col_2072_378192</setSpec></header><metadata><record xmlns="http://www.loc.gov/MARC21/slim" xmlns:dcterms="http://purl.org/dc/terms/" xmlns:xsi="http://www.w3.org/2001/XMLSchema-instance" xmlns:doc="http://www.lyncode.com/xoai" xsi:schemaLocation="http://www.loc.gov/MARC21/slim http://www.loc.gov/standards/marcxml/schema/MARC21slim.xsd">
   <leader>00925njm 22002777a 4500</leader>
   <datafield ind2=" " ind1=" " tag="042">
      <subfield code="a">dc</subfield>
   </datafield>
   <datafield ind2=" " ind1=" " tag="720">
      <subfield code="a">Arnold, Rafael D.</subfield>
      <subfield code="e">author</subfield>
   </datafield>
   <datafield ind2=" " ind1=" " tag="260">
      <subfield code="c">2020</subfield>
   </datafield>
   <datafield ind2=" " ind1=" " tag="520">
      <subfield code="a">La digitalización del fichero del Diccionario del Español Medieval (DEM) de Bodo Müller (Universidad de Heidelberg) es el objetivo del proyecto Diccionario del Español Medieval electrónico (DEMel), que empezó en el mes de noviembre de 2016 con el apoyo financiero de la Fundación Alemana para la Investigación Científica (DFG). A finales de 2020 deberán estar disponibles en la red más de 30.000 lemas con las respectivas documentaciones comprobantes, que superarán el millón de ejemplos. En este artículo, presentaremos, por un lado, la amplia base documental del repertorio lexicográfico del DEM y las características principales de este archivo lexicográfico y expondremos, por otro lado, las etapas de la digitalización del fichero, así como las posibilidades que el material, una vez digitalizado, podría ofrecer a la investigación sobre el español medieval y la historia del judeoespañol (antes de la expulsión).</subfield>
   </datafield>
   <datafield ind2=" " ind1=" " tag="520">
      <subfield code="a">Digitalizing the paper slip collection, the index cards of the Diccionario del Español Medieval (DEM) of Bodo Müller (University of Heidelberg), is the objective of the current research project Diccionario del Español Medieval electrónico (DEMel), which is funded by the German Research Foundation (DFG) and started in November 2016. At the end of 2020, more than 30,000 lemmas with their lexical items and corresponding documentation, which far exceed a total of one million, will be made available online. This article presents, on the one hand, the wealth of material constituted by the lexicographic repertory of the DEM and, on the other, the steps in the digitization of the index cards of the DEM. Finally, it will be shown which possibilities the digitalized material can offer to research on Medieval Spanish and on the earlyhistory of Judeo-Spanish (before the expulsion from Spain).</subfield>
   </datafield>
   <datafield tag="653" ind2=" " ind1=" ">
      <subfield code="a">Diccionario del español medieval electrónico (DEMEL)</subfield>
   </datafield>
   <datafield tag="653" ind2=" " ind1=" ">
      <subfield code="a">Lexicografía histórica</subfield>
   </datafield>
   <datafield tag="653" ind2=" " ind1=" ">
      <subfield code="a">Lexicografía digital</subfield>
   </datafield>
   <datafield tag="653" ind2=" " ind1=" ">
      <subfield code="a">Español medieval</subfield>
   </datafield>
   <datafield tag="653" ind2=" " ind1=" ">
      <subfield code="a">Judeoespañol (antes de la expulsión)</subfield>
   </datafield>
   <datafield tag="653" ind2=" " ind1=" ">
      <subfield code="a">Historical lexicography</subfield>
   </datafield>
   <datafield tag="653" ind2=" " ind1=" ">
      <subfield code="a">Digital lexicography</subfield>
   </datafield>
   <datafield tag="653" ind2=" " ind1=" ">
      <subfield code="a">Medieval spanish</subfield>
   </datafield>
   <datafield tag="653" ind2=" " ind1=" ">
      <subfield code="a">Pre-exilic judeo-spanish</subfield>
   </datafield>
   <datafield ind2="0" ind1="0" tag="245">
      <subfield code="a">La digitalización del fichero del "Diccionario del español medieval" (DEM) : una nueva fuente para la historia del español y del judeoespañol</subfield>
   </datafield>
</record></metadata></record></GetRecord></OAI-PMH>